Which of the Three II Quiz Stats

 Plays Quiz Updated Jul 7, 2017

Support Sporcle.
Go Orange.
Score 0/12 Timer 03:00
5 Plays Today
Question Answer Wrong Answers
Which Apollo 11 astronaut never walked on the Moon? Michael Collins
78.9%
Neil Armstrong
3.1%
Buzz Aldrin
12.1%
Which of three Lord of The Rings movies won the Oscar for Best Picture? The Return of the King
58.9%
The Fellowship of the Ring
29.5%
The Two Towers
11.4%
Which is not one of the Ms in the original name of the 3M Company? Marketing
57.4%
Mining
35.5%
Manufacturing
5.1%
Which was not a direct spin-off of All in the Family? Good Times
51.3%
Maude
27.2%
The Jeffersons
17.3%
Which is the most populous city in the San Jose-San Francisco-Oakland, CA Combined Statistical Area? San Jose
39.5%
San Francisco
37.2%
Oakland
19.6%
Which U.S. President started his terms in two consecutive centuries? William McKinley
39.1%
Thomas Jefferson
20.2%
George W. Bush
35.1%
Which auto company named for an explorer was part of Chrysler Corporation? DeSoto
38.7%
LaSalle
28.4%
Cadillac
32.5%
Which of the original sons on My Three Sons, left the show and was replaced by Ernie? Mike
38.1%
Robbie
27.4%
Chip
28.1%
Which Rice Krispies mascot wears a striped stocking cap? Crackle
37.9%
Snap
31.1%
Pop
28.3%
Which team never lost three consecutive World Series? Philadelphia Athletics
30.8%
Detroit Tigers
30.4%
New York Giants
34%
Which is not one of Canada's Maritime Provinces? Newfoundland and Labrador
29.9%
New Brunswick
49.5%
Nova Scotia
15.5%
Which of the three members of Cream was not a member of Blind Faith? Jack Bruce
29.5%
Ginger Baker
21.7%
Eric Clapton
47.4%

You're not logged in!

Compare scores with friends on all Sporcle quizzes.
OR
Log In
Forgot?

From the Vault

Video Game Last Names

by Jengajam

I'll admit that generally while I am playing, I am not overly concerned with surnames.
Remove Ads.
Support Sporcle.
Get the best of Sporcle when you Go Orange. This ad-free experience offers more features, more stats, and more fun while also helping to support Sporcle. Thank you for becoming a member.

Show Comments

Extras

Top Quizzes Today


Score Distribution

Your Account Isn't Verified!

In order to create a playlist on Sporcle, you need to verify the email address you used during registration. Go to your Sporcle Settings to finish the process.

Report this User

Report this user for behavior that violates our Community Guidelines.

Details: